000 00740nam a2200241Ia 4500
003 OSt
005 20220923221921.0
006 a|||||r|||| 00| 0
007 ta
008 220922b |||||||| |||| 00| 0 hin d
024 _a201,074
037 _cTextual
040 _aARTS
_cARTS
_bhin
041 _2hin
_ahin
082 _aO168:3N14:1, 152L3-;3
100 _aकृश्न चन्दर
_9156290
245 0 _aबम्बई की शाम
246 _aBambaī kī shāma
260 _aदिल्ली
_b नेशनल पब्लि0 हाउस
_c1973
300 _a128पृ.
_ccm.
942 _hO168:3N14:1, 152L3-;3
_cTEXL
_2CC
999 _c352737
_d352737